• 首页
  • 本馆介绍
  • 公告通知
  • 最新文献
  • 馆藏检索
  • 电子资源
  • 读者导购
  • 参考咨询
  • 我的图书馆
  • 登录
  • 详细信息显示
  • 放入我的书架
  • 预约/预借图书
  • 作者相关作品
  • 分类相关作品
  • 丛书相关作品
  • 出版社相关作品

书目信息

  • 表格格式
  • 工作单格式
  • 卡片格式
题名:
垃圾回收算法手册
    
 
作者: 琼斯 , 霍思金 , 莫斯 著 ;王雅光 , 薛迪 译
分册:  
出版信息: 北京   机械工业出版社  2016.3
页数: 14,437页
开本: 26cm
丛书名: 计算机科学丛书
单 册:
中图分类: TP333.1
科图分类:
主题词: 内存贮器--计算机算法
电子资源:
ISBN: 978-7-111-52882-1
000 01643nam 2200349 450
001 0400004881
005 20171025114049.0
010    @a978-7-111-52882-1@dCNY139.00
100    @a20150920d2016 em y0chiy50 ea
101 1  @achi@ceng
102    @aCN@b110000
105    @ay z 001yy
106    @ar
200 1  @a垃圾回收算法手册@9la ji hui shou suan fa shou ce@e自动内存管理的艺术@dThe garbage collection handbook@ethe art of automatic memory management@f(英)理查德·琼斯(Richard Jones),(美)安东尼·霍思金(Antony Hosking),(美)艾略特·莫斯(Eliot Moss)著@g王雅光,薛迪译@zeng
210    @a北京@c机械工业出版社@d2016.3
215    @a14,437页@d26cm
225 2  @a计算机科学丛书
305    @a由Taylor & Francis出版集团旗下CRC出版公司授权出版
306    @a本书限中国大陆发行
330    @a本书从近年来硬件与软件的发展给垃圾回收所带来的新挑战出发,探讨了这些挑战给高性能垃圾回收器的设计者与实现者所带来的影响。在简单的传统回收算法之外,本书还涵盖了并行垃圾回收、增量式垃圾回收、并发垃圾回收以及实时垃圾回收。书中配备了丰富的伪代码与插图,以描述各种算法与概念。
461  0 @12001 @a计算机科学丛书
510 1  @aGarbage collection handbook@ethe art of automatic memory management@zeng
517 1  @a自动内存管理的艺术@9zi dong nei cun guan li de yi shu
606 0  @a内存贮器@x计算机算法
690    @aTP333.1@v5
701  0 @c(英)@a琼斯@9qiong si@c(Jones, Richard)@4著
701  0 @c(美)@a霍思金@9huo si jin@c(Hosking, Antony)@4著
701  0 @c(美)@a莫斯@9mo si@c(Moss, Eliot)@4著
702  0 @a王雅光@9wang ya guang@4译
702  0 @a薛迪@9xue di@4译
801  0 @aCN@b91MARC@c20171025
905    @b1039746-9@dTP333.1@f4@e168
    
    垃圾回收算法手册:自动内存管理的艺术=The garbage collection handbook:the art of automatic memory management/(英)理查德·琼斯(Richard Jones),(美)安东尼·霍思金(Antony Hosking),(美)艾略特·莫斯(Eliot Moss)著/王雅光,薛迪译.-北京:机械工业出版社,2016.3
    14,437页;26cm.-(计算机科学丛书)
    
    
    ISBN 978-7-111-52882-1:CNY139.00
    本书从近年来硬件与软件的发展给垃圾回收所带来的新挑战出发,探讨了这些挑战给高性能垃圾回收器的设计者与实现者所带来的影响。在简单的传统回收算法之外,本书还涵盖了并行垃圾回收、增量式垃圾回收、并发垃圾回收以及实时垃圾回收。书中配备了丰富的伪代码与插图,以描述各种算法与概念。
●
相关链接 在E读中查询图书 在五车中查询图书 在当当中查询图书 在豆瓣中查询图书


正题名:垃圾回收算法手册     索取号:TP333.1/168         预约/预借

序号 登录号 条形码 馆藏地/架位号 状态 备注
1 1039746   210397462   第二样本阅览室/ [索取号:TP333.1/168] 在馆    
2 1039747   210397471   密集书库—计算机科学学院/ [索取号:TP333.1/168] 在馆    
3 1039748   210397480   第三借阅区/ [索取号:TP333.1/168] 在馆    
4 1039749   210397499   第三借阅区/ [索取号:TP333.1/168] 在馆    
唐山师范学院图书馆 欢迎您!
大连网信软件有限公司© 版权所有